00904nam a22002177a 4500003000400000005001700004008004100021020001500062040000900077100003800086245014800124260009400272300001100366490004100377650005500418650004500473710004600518942001300564999001500577952009400592OSt20151016125401.0130605s1997 sp ||||| |||| 00| 0 cat d a8449007879 cCDMR1 93701aEspinet i Burunat, Francesc10aNotícia, imatge, simulacreb: la recepció de la societat de comunicació de masses a Catalunya, de 1888 a 1939cFrancesc Espinat i Burunat aBellaterra (Barcelona)bUniversitat Autònoma de Barcelona. Servei de Publicacionsc1997 a347 p.0 aCiència i Tècnica. Històriav80491448aMitjans de comunicació de massazCatalunya0493211aComunicació i culturazCatalunya2 93477aUniversitat Autònoma de Barcelona 2udccMON c6415d6415 00104070aCDMRbCDMRd2013-01-16l0oCa 10/4pCDMR13066629r2013-06-05w2013-06-05yMON